000
00207 a2200097 4500
001
47076
100
_a
Arnold R
245
_a
The Commandos
260
_a
London
_b
Frederick Muller
_c
090
_c
30142
_d
30142
942
_a
NUST-CAE
_c
M
_c
22384
999
_c
282149
_d
282149